000 00784nam a22002417a 4500
003 UA-OsUOA
001 65288
007 ta
008 20091119b un ||||| |||| 00| 0 ukr d
100 _aСтадниченко В.
090 _a294.3
_bС76
942 _cBK
040 _aUA-OsUOA
_bukr
_cUA-OsUOA
_dUA-OsUOA
245 _aЧиста земля: Правдиві й щирі свідчення, вільні журналістські нотатки шукача істини в глибинах часу, в просторах світу
300 _a206 с.
955 _a2
041 _aukr
080 _a294.3
020 _a966-524-079-Х
260 _aК.
_bУкраїна
_c2000
650 7 _a29 Нехристиянські релігії
_2UDC
999 _c351409
_d351409